| 000 | 00601nam a2200169Ia 4500 | ||
|---|---|---|---|
| 003 | GCL | ||
| 008 | 140319s9999 xx 000 0 ara d | ||
| 040 |
_aGCL / _cGCL |
||
| 082 | 0 | 4 |
_a239.8 _bك ح |
| 100 | 1 | _aكامل سليمان | |
| 245 | 1 | 0 |
_aالحسن بن على : _bدراسة وتحليل / _cكامل سليمان |
| 260 |
_aبيروت : _bدار الكتاب اللبنانى ، _c1979 |
||
| 300 |
_a188 ص ؛ _c24 سم |
||
| 490 | _a | ||
| 650 | 0 | 4 | _aالحسن بن على: ابومحمد الحسن بن على بن ابى طالب بن هاشم بن عبد مناف |
| 942 |
_2ddc _cBK |
||
| 999 |
_c54444 _d54444 |
||